000 00674nam a2200181Ia 4500
008 151018s9999 xx 000 0 und d
082 _bRBASDV49771
_a530.03
100 _aसुदर्शन भाटीया
245 _aअविष्कार और अविष्कार
250 _b1
260 _b"राही प्रकाशन, गोवा "
_c2009
300 _a112
600 _aसुदर्शन भाटीया
630 _aअविष्कार और अविष्कार
700 _aसुदर्शन भाटीया
730 _aअविष्कार और अविष्कार
942 _cBOOK
999 _c1048771
_d1048768